[Event "Piestany Slovakia op-A"]
[Site "Piestany"]
[Date "2025.07.14"]
[Round "7"]
[White "Shubhi, Gupta"]
[Black "Pattnayak, Nilsu"]
[Result "1-0"]
[WhiteElo "2114"]
[BlackElo "2205"]
[PlyCount "65"]
[EventDate "2025.07.08"]
[EventType "swiss"]
[EventRounds "9"]
[EventCountry "SVK"]
[SourceTitle "CB29_2025"]
[SourceDate "2025.07.16"]
[SourceVersion "1"]
[SourceVersionDate "2025.07.16"]
[SourceQuality "1"]

1. Nf3 Nf6 2. c4 e6 3. e3 d5 4. Nc3 Be7 5. b3 c5 6. cxd5 exd5 7. Bb5+ Bd7 8. Bxd7+ Qxd7 9. d4 Nc6 10. Bb2 b6 11. 0-0 0-0 12. dxc5 bxc5 13. Ne2 Rfd8 14. Rc1 Ne4 15. Nf4 a5 16. Qe2 Qb7 17. Nh5 Bf8 18. Nh4 f6 19. f3 Ng5 20. Nf5 Ne6 21. f4 d4 22. Qg4 Kf7 23. exd4 Ncxd4 24. Rfe1 Ra6 25. Bxd4 cxd4 26. Nhxg7 Bxg7 27. Rxe6 Kxe6 28. Re1+ Kd7 29. Re7+ Kc8 30. Nd6+ Kb8 31. Nxb7 Bf8 32. Nxd8 Bxe7 33. Qe2 1-0

[Event "Piestany Slovakia op-A"]
[Site "Piestany"]
[Date "2025.07.13"]
[Round "6"]
[White "Karasek, Lukas"]
[Black "Shubhi, Gupta"]
[Result "1-0"]
[WhiteElo "2218"]
[BlackElo "2114"]
[PlyCount "93"]
[EventDate "2025.07.08"]
[EventType "swiss"]
[EventRounds "9"]
[EventCountry "SVK"]
[SourceTitle "CB29_2025"]
[SourceDate "2025.07.16"]
[SourceVersion "1"]
[SourceVersionDate "2025.07.16"]
[SourceQuality "1"]

1. e4 e5 2. Nf3 Nc6 3. Nc3 Nf6 4. d4 exd4 5. Nxd4 Bb4 6. Nxc6 bxc6 7. Bd3 d5 8. exd5 cxd5 9. 0-0 0-0 10. Bg5 c6 11. Qf3 Be7 12. Rfe1 h6 13. Bxh6 gxh6 14. Qe3 Be6 15. Qxh6 Bd6 16. Re3 Re8 17. Rae1 Bd7 18. Rxe8+ Bxe8 19. Re3 Bd7 20. Qg5+ Kf8 21. Qh6+ Kg8 22. Rf3 Qe7 23. Rxf6 Qe1+ 24. Bf1 Bf8 25. Qh5 Be6 26. Rf3 Bg7 27. Rg3 Kf8 28. Qg5 Bd4 29. Qf4 Qe5 30. Qh6+ Ke7 31. Qh4+ Kd7 32. Ne2 Bxb2 33. Re3 Qd6 34. Qa4 Be5 35. g3 Qc7 36. Nd4 Bxd4 37. Qxd4 Rb8 38. Rb3 c5 39. Qa4+ Kd8 40. Qh4+ Kd7 41. Bb5+ Rxb5 42. Rxb5 Qe5 43. Rxc5 Bf5 44. Qf4 Qe1+ 45. Kg2 Be4+ 46. Kh3 Qf1+ 47. Kh4 1-0

[Event "Piestany Slovakia op-A"]
[Site "Piestany"]
[Date "2025.07.11"]
[Round "4"]
[White "Chiszko, Oskar"]
[Black "Shubhi, Gupta"]
[Result "0-1"]
[WhiteElo "2149"]
[BlackElo "2114"]
[PlyCount "84"]
[EventDate "2025.07.08"]
[EventType "swiss"]
[EventRounds "9"]
[EventCountry "SVK"]
[SourceTitle "CB29_2025"]
[SourceDate "2025.07.16"]
[SourceVersion "1"]
[SourceVersionDate "2025.07.16"]
[SourceQuality "1"]

1. Nf3 f5 2. d4 Nf6 3. c4 e6 4. g3 Bb4+ 5. Bd2 Be7 6. Bg2 0-0 7. 0-0 d5 8. cxd5 exd5 9. Ne5 c6 10. Qc2 Nbd7 11. Nd3 Qe8 12. Bf4 Qh5 13. f3 Bd8 14. Nd2 Re8 15. Nb3 g5 16. Bd6 Re6 17. Be5 Nxe5 18. Nxe5 Bc7 19. Nc5 Re7 20. Ncd3 Qh6 21. Qd2 Bb6 22. Qb4 Qf8 23. e3 f4 24. Kh1 fxg3 25. hxg3 Bf5 26. Qd2 Nh5 27. Qf2 Rae8 28. Rae1 Bxd3 29. Nxd3 Qh6 30. Kg1 Bc7 31. f4 Rg7 32. Ne5 gxf4 33. exf4 Rf8 34. Re3 Kh8 35. Qe1 Bb6 36. Qb4 Rxg3 37. Rxg3 Nxg3 38. Rf2 Nf5 39. Rd2 Nxd4 40. Rxd4 Rxf4 41. Nf3 Bxd4+ 42. Nxd4 Qf6 0-1

[Event "Piestany Slovakia op-A"]
[Site "Piestany"]
[Date "2025.07.10"]
[Round "3"]
[White "Shubhi, Gupta"]
[Black "Ugorek, Kacper"]
[Result "0-1"]
[WhiteElo "2114"]
[BlackElo "2177"]
[PlyCount "126"]
[EventDate "2025.07.08"]
[EventType "swiss"]
[EventRounds "9"]
[EventCountry "SVK"]
[SourceTitle "CB29_2025"]
[SourceDate "2025.07.16"]
[SourceVersion "1"]
[SourceVersionDate "2025.07.16"]
[SourceQuality "1"]

1. d4 c5 2. d5 g6 3. c4 Bg7 4. Nf3 d6 5. Nc3 Nf6 6. e4 0-0 7. Bd3 Bg4 8. h3 Bxf3 9. Qxf3 e6 10. 0-0 exd5 11. exd5 Nbd7 12. Qd1 Nh5 13. g4 Bxc3 14. bxc3 Ng7 15. f4 f5 16. g5 Re8 17. Bd2 Qc7 18. a4 Nh5 19. Qf3 Re7 20. Bxf5 gxf5 21. Qxh5 Nb6 22. Ra2 Re4 23. Bc1 Qf7 24. Qd1 Nxc4 25. h4 Rae8 26. Rg2 Kh8 27. h5 Qg7 28. Qd3 Qd7 29. g6 Rg8 30. Qh3 h6 31. Kh1 Kg7 32. Rfg1 Rge8 33. Bd2 Nxd2 34. Rxd2 Rxf4 35. Rf1 Qxa4 36. Rh2 Qe4+ 37. Kg1 Rg4+ 38. Rg2 Rxg2+ 39. Qxg2 Qxg2+ 40. Kxg2 Kf6 41. Rb1 b6 42. Ra1 Re7 43. Kf3 b5 44. Ra5 Kg5 45. Rxb5 Kxh5 46. Rb8 Kxg6 47. Rd8 Kf6 48. Rxd6+ Ke5 49. Rd8 Rb7 50. Rh8 Kxd5 51. Rxh6 Kc4 52. Kf4 Kxc3 53. Kxf5 c4 54. Ke4 Rd7 55. Rh3+ Kb2 56. Rh2+ Kb3 57. Rh8 c3 58. Rb8+ Kc2 59. Ke3 Kc1 60. Ke2 c2 61. Rb5 Re7+ 62. Kf2 a6 63. Rb6 a5 0-1

[Event "Titled Tuesday intern op 06th May Early"]
[Site "Chess.com INT"]
[Date "2025.05.06"]
[Round "8"]
[White "Chen, Ryo"]
[Black "Shubhi, Gupta"]
[Result "0-1"]
[WhiteElo "2395"]
[BlackElo "2187"]
[PlyCount "84"]
[EventDate "2025.05.06"]
[EventType "swiss (blitz)"]
[EventRounds "11"]
[EventCountry "USA"]
[SourceTitle "CB20_2025"]
[SourceDate "2025.05.14"]
[SourceVersion "1"]
[SourceVersionDate "2025.05.14"]
[SourceQuality "1"]

1. e4 e5 2. Nf3 Nc6 3. Bb5 a6 4. Ba4 Nf6 5. Nc3 b5 6. Bb3 Bc5 7. Nd5 d6 8. d3 h6 9. c3 0-0 10. Nxf6+ Qxf6 11. Bd5 Bb7 12. g4 Nd8 13. g5 hxg5 14. Bxg5 Qg6 15. Bxb7 Nxb7 16. Rg1 Qh5 17. Bf6 g6 18. Rg5 Qh3 19. Qe2 Qe6 20. Bxe5 dxe5 21. Rxe5 Qf6 22. d4 Bd6 23. Rg5 Bf4 24. Rg4 Rfe8 25. Kf1 Bh6 26. Re1 c5 27. d5 Rad8 28. h4 Rxd5 29. Kg2 Rh5 30. Rd1 Nd6 31. e5 Qe6 32. Ng5 Bxg5 33. Rxd6 Qxd6 34. exd6 Rxe2 35. hxg5 Rd2 36. Rd4 cxd4 37. c4 bxc4 38. d7 Rxg5+ 39. Kf3 Rd5 40. Ke4 Rxd7 41. Ke5 Re2+ 42. Kf6 Re6+ 0-1

[Event "Titled Tuesday intern op 06th May Early"]
[Site "Chess.com INT"]
[Date "2025.05.06"]
[Round "5"]
[White "Shubhi, Gupta"]
[Black "Arabidze, Meri"]
[Result "0-1"]
[WhiteElo "2187"]
[BlackElo "2440"]
[PlyCount "48"]
[EventDate "2025.05.06"]
[EventType "swiss (blitz)"]
[EventRounds "11"]
[EventCountry "USA"]
[SourceTitle "CB20_2025"]
[SourceDate "2025.05.14"]
[SourceVersion "1"]
[SourceVersionDate "2025.05.14"]
[SourceQuality "1"]

1. d4 d5 2. c4 dxc4 3. Nc3 a6 4. a4 Nc6 5. Nf3 Nf6 6. e4 Na5 7. Be3 e6 8. Nd2 Bb4 9. Qc2 Ng4 10. Nxc4 Nxe3 11. fxe3 Qh4+ 12. g3 Qg5 13. Qd2 Nb3 14. Qd1 Nxa1 15. Qxa1 0-0 16. Bg2 Rb8 17. Qc1 Bd7 18. 0-0 Bxc3 19. Qxc3 Bxa4 20. Ne5 Bb5 21. Rf4 Qe7 22. d5 f6 23. Ng4 e5 24. Rf2 h5 0-1

[Event "Titled Tuesday intern op 01st Apr Early"]
[Site "Chess.com INT"]
[Date "2025.04.01"]
[Round "7"]
[White "Fernandes, Rogerio Paulo Mulle"]
[Black "Shubhi, Gupta"]
[Result "0-1"]
[WhiteElo "2241"]
[BlackElo "2067"]
[PlyCount "114"]
[EventDate "2025.04.01"]
[EventType "swiss (blitz)"]
[EventRounds "11"]
[EventCountry "USA"]
[SourceTitle "CB15_2025"]
[SourceDate "2025.04.09"]
[SourceVersion "1"]
[SourceVersionDate "2025.04.09"]
[SourceQuality "1"]

1. c4 e6 2. g3 d5 3. Bg2 Nf6 4. Nf3 Be7 5. 0-0 0-0 6. b3 c5 7. e3 b6 8. Bb2 Bb7 9. Qc2 Nc6 10. a3 Rc8 11. Rd1 Qc7 12. Nc3 a6 13. Rac1 d4 14. Ne2 e5 15. exd4 exd4 16. d3 Rfe8 17. Re1 Bd6 18. Rb1 h6 19. Bc1 Ng4 20. h3 Nge5 21. Nxe5 Nxe5 22. Bf4 Bxg2 23. Bxe5 Rxe5 24. Kxg2 Rce8 25. Qd2 Qb7+ 26. Kh2 g5 27. Ng1 Kg7 28. Rxe5 Rxe5 29. Re1 f6 30. Rxe5 Bxe5 31. Qe2 Qe7 32. Kg2 b5 33. Qe4 bxc4 34. bxc4 a5 35. Nf3 Bd6 36. Qxe7+ Bxe7 37. Nd2 f5 38. a4 Bd8 39. Kf3 Kf6 40. g4 Ke5 41. gxf5 Kxf5 42. Ne4 Be7 43. Ng3+ Ke5 44. Kg4 Kf6 45. Kh5 Bf8 46. f3 Ke5 47. Kg4 Be7 48. Ne4 h5+ 49. Kxh5 Kf4 50. Kg6 Kxf3 51. Nxg5+ Ke3 52. h4 Kxd3 53. h5 Bd6 54. h6 Kc2 55. Nf7 d3 56. h7 d2 57. h8Q d1Q 0-1

[Event "Titled Tuesday intern op 01st Apr Early"]
[Site "Chess.com INT"]
[Date "2025.04.01"]
[Round "3"]
[White "Onur, Cigdem"]
[Black "Shubhi, Gupta"]
[Result "0-1"]
[WhiteElo "1967"]
[BlackElo "2067"]
[PlyCount "46"]
[EventDate "2025.04.01"]
[EventType "swiss (blitz)"]
[EventRounds "11"]
[EventCountry "USA"]
[SourceTitle "CB15_2025"]
[SourceDate "2025.04.09"]
[SourceVersion "1"]
[SourceVersionDate "2025.04.09"]
[SourceQuality "1"]

1. e4 e5 2. Nf3 Nc6 3. Nc3 Nf6 4. Bb5 Nd4 5. Nxd4 exd4 6. e5 Qe7 7. 0-0 dxc3 8. exf6 Qxf6 9. Re1+ Be7 10. Qe2 c6 11. Bd3 d5 12. dxc3 Be6 13. Qh5 h6 14. Be3 0-0 15. Bd4 Qg5 16. Qf3 Bd6 17. g3 Rae8 18. h4 Qd8 19. Bf5 c5 20. Be3 Qf6 21. Bg4 Qg6 22. Bh5 Qxc2 23. Rad1 b6 0-1

[Event "Titled Tuesday intern op 01st Apr Early"]
[Site "Chess.com INT"]
[Date "2025.04.01"]
[Round "2"]
[White "Sailer, Mike L"]
[Black "Shubhi, Gupta"]
[Result "1-0"]
[WhiteElo "2108"]
[BlackElo "2067"]
[PlyCount "123"]
[EventDate "2025.04.01"]
[EventType "swiss (blitz)"]
[EventRounds "11"]
[EventCountry "USA"]
[SourceTitle "CB15_2025"]
[SourceDate "2025.04.09"]
[SourceVersion "1"]
[SourceVersionDate "2025.04.09"]
[SourceQuality "1"]

1. d4 d5 2. Bf4 c5 3. e3 Nc6 4. Nf3 Nf6 5. c3 Bg4 6. Be2 e6 7. h3 Bf5 8. Nbd2 h6 9. Ne5 Nxe5 10. Bxe5 Be7 11. 0-0 0-0 12. Nf3 Ne4 13. a3 a6 14. Rc1 c4 15. Nd2 b5 16. Nxe4 Bxe4 17. Qe1 Bd6 18. Bxd6 Qxd6 19. f3 Bg6 20. Bd1 Rae8 21. e4 e5 22. Qg3 dxe4 23. fxe4 Bxe4 24. Bf3 Bg6 25. Rcd1 Qb6 26. Kh1 e4 27. Bg4 e3 28. Rde1 f5 29. Be2 f4 30. Qg4 Qd6 31. Bf3 Bf5 32. Qh5 Bd3 33. Rg1 Be4 34. Bxe4 Rxe4 35. Rgf1 Qe6 36. Rf3 Rf5 37. Qh4 g5 38. Qh5 Kg7 39. Re2 Qd5 40. Qg4 Re7 41. h4 Qe4 42. Rh3 Qb1+ 43. Kh2 f3 44. Rxf3 Rxf3 45. Qxf3 Qg6 46. Rxe3 Qd6+ 47. g3 Rxe3 48. Qxe3 Qf6 49. Qe5 Qxe5 50. dxe5 Kf7 51. hxg5 hxg5 52. Kh3 Ke6 53. Kg4 Kxe5 54. Kxg5 Ke6 55. Kg6 Ke5 56. g4 Kf4 57. g5 Kg4 58. Kf6 Kh5 59. g6 Kh6 60. g7 a5 61. g8Q b4 62. Qa8 1-0

[Event "Titled Tuesday intern op 01st Apr Early"]
[Site "Chess.com INT"]
[Date "2025.04.01"]
[Round "1"]
[White "Shubhi, Gupta"]
[Black "Shandrygin, Nikita"]
[Result "0-1"]
[WhiteElo "2067"]
[BlackElo "2209"]
[PlyCount "98"]
[EventDate "2025.04.01"]
[EventType "swiss (blitz)"]
[EventRounds "11"]
[EventCountry "USA"]
[SourceTitle "CB15_2025"]
[SourceDate "2025.04.09"]
[SourceVersion "1"]
[SourceVersionDate "2025.04.09"]
[SourceQuality "1"]

1. d4 d5 2. c4 Nc6 3. Nf3 Bg4 4. cxd5 Bxf3 5. dxc6 Bxc6 6. Nc3 Nf6 7. Bf4 e6 8. e3 a6 9. f3 Bb4 10. Bc4 0-0 11. 0-0 Bxc3 12. bxc3 Bb5 13. Qd3 c6 14. Bxb5 axb5 15. e4 Ra3 16. Qc2 Qe7 17. Bc1 Ra4 18. Bg5 h6 19. Bh4 g5 20. Bg3 Rfa8 21. Rfd1 Nh5 22. Rd2 Qf6 23. Bd6 Nf4 24. g3 Ng6 25. Kg2 Rc4 26. e5 Qg7 27. Qd3 Qh7 28. Kh1 Rca4 29. Rg2 Nf8 30. Qd1 Nd7 31. f4 Qg6 32. fxg5 hxg5 33. Rf2 f5 34. Qd2 Kg7 35. a3 Rh8 36. Raf1 Raa8 37. Kg2 g4 38. Kg1 Nb6 39. Rg2 Nc4 40. Qd3 Nxa3 41. Rf4 Nc4 42. Rgf2 Ra1+ 43. Kg2 Re1 44. Be7 Ne3+ 45. Qxe3 Rxe3 46. Bf6+ Kh7 47. Bxh8 Kxh8 48. h3 gxh3+ 49. Kh1 Qxg3 0-1

[Event "Titled Tuesday intern op 01st Apr Early"]
[Site "Chess.com INT"]
[Date "2025.04.01"]
[Round "8"]
[White "Shubhi, Gupta"]
[Black "Vaganian, Rafael A"]
[Result "0-1"]
[WhiteElo "2067"]
[BlackElo "2449"]
[PlyCount "138"]
[EventDate "2025.04.01"]
[EventType "swiss (blitz)"]
[EventRounds "11"]
[EventCountry "USA"]
[SourceTitle "CB15_2025"]
[SourceDate "2025.04.09"]
[SourceVersion "1"]
[SourceVersionDate "2025.04.09"]
[SourceQuality "1"]

1. d4 e6 2. e4 d5 3. Nc3 Bb4 4. e5 b6 5. Bd2 Ne7 6. f4 Ba6 7. Bxa6 Nxa6 8. Qe2 Nb8 9. Nf3 h5 10. h3 Bxc3 11. Bxc3 Nf5 12. Qf2 h4 13. 0-0-0 a5 14. Ng5 Qd7 15. Qf3 Na6 16. a3 0-0-0 17. Qd3 Kb7 18. Be1 c5 19. c3 Rc8 20. Kb1 cxd4 21. cxd4 Rc4 22. Bf2 a4 23. Rc1 Rhc8 24. Rxc4 Rxc4 25. Rc1 Qc6 26. Rxc4 dxc4 27. Qf3 Qxf3 28. gxf3 Kc6 29. Nxf7 Kd5 30. Ng5 Nb8 31. Kc2 Nc6 32. Kc3 Ncxd4 33. Bxd4 Nxd4 34. Kd2 b5 35. Ke3 Nb3 36. Ne4 Nc1 37. Nc3+ Kc6 38. f5 exf5 39. Kf4 Nd3+ 40. Kxf5 Nxb2 41. Ke6 Nd3 42. Na2 Kc5 43. Kf5 Kd5 44. e6 Kd6 45. Nc3 b4 46. axb4 Nxb4 47. Nxa4 Nd5 48. Nb2 c3 49. Nc4+ Ke7 50. Na3 Ne3+ 51. Ke4 c2 52. Nxc2 Nxc2 53. Ke5 Ne1 54. f4 Nf3+ 55. Kf5 Nd4+ 56. Kg4 Nxe6 57. Kxh4 Nxf4 58. Kg4 Ne6 59. h4 Kf7 60. Kf5 g6+ 61. Kg4 Ng7 62. Kg5 Nh5 63. Kg4 Kf6 64. Kf3 Kf5 65. Kg2 Nf6 66. Kh3 Ne4 67. Kg2 Kg4 68. Kh2 Kxh4 69. Kg2 Kg4 0-1

[Event "Titled Tuesday intern op 01st Apr Early"]
[Site "Chess.com INT"]
[Date "2025.04.01"]
[Round "5"]
[White "Yevchenko, Alexander"]
[Black "Shubhi, Gupta"]
[Result "0-1"]
[WhiteElo "2276"]
[BlackElo "2067"]
[PlyCount "50"]
[EventDate "2025.04.01"]
[EventType "swiss (blitz)"]
[EventRounds "11"]
[EventCountry "USA"]
[SourceTitle "CB15_2025"]
[SourceDate "2025.04.09"]
[SourceVersion "1"]
[SourceVersionDate "2025.04.09"]
[SourceQuality "1"]

1. c4 e6 2. e4 c5 3. Nc3 Nc6 4. Nf3 g6 5. d4 cxd4 6. Nxd4 Bg7 7. Ndb5 d5 8. cxd5 exd5 9. Nxd5 Be5 10. Bc4 Nge7 11. Bg5 Qa5+ 12. Bd2 Qd8 13. 0-0 Be6 14. Bg5 h6 15. Bxe7 Nxe7 16. Qb3 0-0 17. Rad1 Nxd5 18. exd5 Bf5 19. d6 Qh4 20. g3 Qh3 21. Nc7 Rac8 22. Qf3 Bg4 23. Qe4 Qh5 24. f3 Bh3 25. Rfe1 Bxd6 0-1

[Event "Samarkand (Women) op 3rd"]
[Site "Samarkand"]
[Date "2025.03.09"]
[Round "1"]
[White "Shubhi, Gupta"]
[Black "Girya, Olga"]
[Result "0-1"]
[WhiteElo "2067"]
[BlackElo "2398"]
[PlyCount "120"]
[EventDate "2025.03.09"]
[EventType "swiss"]
[EventRounds "9"]
[EventCountry "UZB"]
[SourceTitle "CB13_2025"]
[SourceDate "2025.03.26"]
[SourceVersion "1"]
[SourceVersionDate "2025.03.26"]
[SourceQuality "1"]

1. d4 Nf6 2. c4 e6 3. Nf3 d5 4. Nc3 Bb4 5. e3 0-0 6. Bd2 b6 7. cxd5 exd5 8. Bd3 Bd6 9. Rc1 c5 10. 0-0 Bb7 11. Qc2 Nc6 12. a3 c4 13. Bf5 g6 14. Bh3 Re8 15. Rfe1 a6 16. Rcd1 Qc7 17. g3 b5 18. e4 dxe4 19. Bg5 b4 20. Bxf6 bxc3 21. Ng5 cxb2 22. Qxb2 Ne7 23. Ne6 Qc6 24. Bxe7 c3 25. d5 Qc8 26. Qb6 Bxe7 27. Nf4 Qb8 28. Rxe4 c2 29. Rc1 Bxa3 30. Rxe8+ Qxe8 31. Rxc2 Qe1+ 32. Bf1 Qb4 33. Qe3 Qd6 34. Bg2 a5 35. Nh3 Bb4 36. Qe4 Qd7 37. Re2 Rc8 38. Qb1 Bxd5 39. Nf4 Bxg2 40. Kxg2 Qc6+ 41. f3 Re8 42. Rxe8+ Qxe8 43. Qd3 Qe5 44. Nd5 Bc5 45. h4 a4 46. Qc4 Qd4 47. Qxd4 Bxd4 48. Kf1 a3 49. Nb4 Kg7 50. Ke2 Kf6 51. g4 Ke5 52. Kd3 Bb2 53. Ke3 Bc1+ 54. Ke2 Kd4 55. Na2 Bf4 56. Nb4 Kc4 57. Nc2 a2 58. h5 Kc3 59. Kd1 Kb2 60. hxg6 fxg6 0-1

[Event "Titled Tuesday intern op 04th Mar Early"]
[Site "Chess.com INT"]
[Date "2025.03.04"]
[Round "9"]
[White "De Boer, Eelke"]
[Black "Shubhi, Gupta"]
[Result "1-0"]
[WhiteElo "2412"]
[BlackElo "2067"]
[PlyCount "121"]
[EventDate "2025.03.04"]
[EventType "swiss (blitz)"]
[EventRounds "11"]
[EventCountry "USA"]
[SourceTitle "CB11_2025"]
[SourceDate "2025.03.12"]
[SourceVersion "1"]
[SourceVersionDate "2025.03.12"]
[SourceQuality "1"]

1. e4 e5 2. Nf3 Nc6 3. Bb5 a6 4. Ba4 Nf6 5. 0-0 Bc5 6. c3 b5 7. Bc2 d6 8. d4 Bb6 9. a4 Bg4 10. h3 Bxf3 11. Qxf3 exd4 12. axb5 axb5 13. Rxa8 Qxa8 14. Bg5 Ne5 15. Qe2 Qd8 16. Qxb5+ Qd7 17. Qe2 h6 18. Bxf6 gxf6 19. Kh2 Rg8 20. f4 Ng6 21. Nd2 dxc3 22. bxc3 Qc6 23. Qd3 Qc5 24. g3 h5 25. Nb3 Qa3 26. Ra1 Qb2 27. Ra8+ Ke7 28. Rxg8 h4 29. Nd4 Bxd4 30. cxd4 hxg3+ 31. Kxg3 Qc1 32. Rxg6 fxg6 33. Kg2 Qxf4 34. Qe2 Qg5+ 35. Kh2 Qf4+ 36. Kg2 Qg5+ 37. Kf2 Qf4+ 38. Ke1 Qg3+ 39. Kd2 Qxh3 40. Qc4 Qg2+ 41. Kc1 Qg1+ 42. Kb2 c5 43. d5 Qe3 44. Qb5 Qd4+ 45. Kb3 Qb4+ 46. Qxb4 cxb4 47. Kxb4 f5 48. exf5 g5 49. Kc4 Kf6 50. Kd4 g4 51. Be4 g3 52. Ke3 g2 53. Bxg2 Kxf5 54. Kd4 Kf4 55. Bh3 Kg5 56. Be6 Kf6 57. Kc4 Ke5 58. Kb5 Ke4 59. Kc6 Kd4 60. Kxd6 Kc4 61. Kc6 1-0

[Event "Titled Tuesday intern op 04th Mar Early"]
[Site "Chess.com INT"]
[Date "2025.03.04"]
[Round "1"]
[White "Maksimovic, Bojan"]
[Black "Shubhi, Gupta"]
[Result "0-1"]
[WhiteElo "2505"]
[BlackElo "2067"]
[PlyCount "118"]
[EventDate "2025.03.04"]
[EventType "swiss (blitz)"]
[EventRounds "11"]
[EventCountry "USA"]
[SourceTitle "CB11_2025"]
[SourceDate "2025.03.12"]
[SourceVersion "1"]
[SourceVersionDate "2025.03.12"]
[SourceQuality "1"]

1. e3 d5 2. d4 Nf6 3. Nf3 Bg4 4. c4 e6 5. h3 Bh5 6. g4 Bg6 7. Ne5 Bb4+ 8. Nc3 c6 9. Qb3 Qe7 10. Bd2 a5 11. h4 a4 12. Qd1 a3 13. b3 Ne4 14. Nxe4 Bxe4 15. f3 f6 16. fxe4 fxe5 17. Bxb4 Qxb4+ 18. Qd2 Qxd2+ 19. Kxd2 exd4 20. exd4 dxe4 21. Bg2 0-0 22. Raf1 Nd7 23. Bxe4 Nf6 24. Bf3 Rad8 25. Kc3 Rf7 26. g5 Nd7 27. Bg4 Nf8 28. Rxf7 Kxf7 29. Re1 b6 30. Re4 Rd6 31. Kb4 Rxd4 32. Rxd4 c5+ 33. Kc3 cxd4+ 34. Kxd4 Ng6 35. h5 Ne7 36. Bf3 Nf5+ 37. Ke5 Ne3 38. Be4 Nd1 39. Kd4 e5+ 40. Kd3 Nf2+ 41. Ke3 Nh3 42. g6+ hxg6 43. Bxg6+ Ke6 44. Kd3 Nf4+ 45. Kc3 Nxg6 46. hxg6 Kf6 47. b4 Kxg6 48. c5 bxc5 49. bxc5 Kf6 50. Kb4 Ke6 51. Kxa3 Kd5 52. Kb4 Kc6 53. Kc4 g5 54. a4 g4 55. Kd3 Kxc5 56. Ke4 Kb4 57. a5 Kxa5 58. Kxe5 g3 59. Kf4 g2 0-1

[Event "Titled Tuesday intern op 04th Mar Early"]
[Site "Chess.com INT"]
[Date "2025.03.04"]
[Round "7"]
[White "Shubhi, Gupta"]
[Black "Reshetnikov, Alexey"]
[Result "0-1"]
[WhiteElo "2067"]
[BlackElo "2492"]
[PlyCount "88"]
[EventDate "2025.03.04"]
[EventType "swiss (blitz)"]
[EventRounds "11"]
[EventCountry "USA"]
[SourceTitle "CB11_2025"]
[SourceDate "2025.03.12"]
[SourceVersion "1"]
[SourceVersionDate "2025.03.12"]
[SourceQuality "1"]

1. d4 d5 2. Nf3 Nf6 3. c4 c6 4. Nc3 dxc4 5. a4 e6 6. Bg5 Bb4 7. e3 Qa5 8. Bxf6 Bxc3+ 9. bxc3 Qxc3+ 10. Nd2 gxf6 11. Bxc4 Nd7 12. Rc1 Qb4 13. 0-0 Rg8 14. Ne4 f5 15. Ng3 Nf6 16. Qe2 Qd6 17. e4 fxe4 18. Nxe4 Qxd4 19. Ng3 h5 20. Rfd1 Qf4 21. Qd3 Kf8 22. Ba2 h4 23. Ne2 Qg4 24. g3 Bd7 25. Qd6+ Kg7 26. Nf4 Rad8 27. Rc4 Bc8 28. Nxe6+ Qxe6 29. Qxd8 Rxd8 30. Rxd8 Qe1+ 31. Kg2 h3+ 32. Kf3 Bg4+ 33. Rxg4+ Nxg4 34. Kxg4 Qxf2 35. Bb3 Qxh2 36. Rd7 Qe2+ 37. Kxh3 Qh5+ 38. Kg2 Qf5 39. Rxb7 Qe4+ 40. Kg1 Qe3+ 41. Kg2 Qe2+ 42. Kh3 c5 43. Rxf7+ Kg6 44. Rb7 c4 0-1

[Event "Titled Tuesday intern op 25th Feb Early"]
[Site "Chess.com INT"]
[Date "2025.02.25"]
[Round "1"]
[White "Chen, Ryo"]
[Black "Shubhi, Gupta"]
[Result "1-0"]
[WhiteElo "2395"]
[BlackElo "2067"]
[PlyCount "65"]
[EventDate "2025.02.25"]
[EventType "swiss (blitz)"]
[EventRounds "11"]
[EventCountry "USA"]
[SourceTitle "CB10_2025"]
[SourceDate "2025.03.05"]
[SourceVersion "1"]
[SourceVersionDate "2025.03.05"]
[SourceQuality "1"]

1. e4 e5 2. Nf3 Nc6 3. Bb5 a6 4. Ba4 Nf6 5. Nc3 b5 6. Bb3 d6 7. Ng5 Be6 8. Bxe6 fxe6 9. Nxe6 Qd7 10. Nxf8 Rxf8 11. d3 Nd4 12. 0-0 Qf7 13. Ne2 Nxe2+ 14. Qxe2 Qg6 15. f4 exf4 16. Bxf4 0-0-0 17. a4 b4 18. e5 Nh5 19. Bd2 Rfe8 20. Bxb4 Rxe5 21. Qd2 Rde8 22. Rae1 Rxe1 23. Rxe1 Rxe1+ 24. Qxe1 Nf4 25. Qe4 Qg4 26. Bd2 Qd1+ 27. Qe1 Qxe1+ 28. Bxe1 Ne2+ 29. Kf2 Nd4 30. Bc3 Nc6 31. Bxg7 Ne7 32. Bc3 Nf5 33. Bd2 1-0

[Event "Titled Tuesday intern op 25th Feb Early"]
[Site "Chess.com INT"]
[Date "2025.02.25"]
[Round "6"]
[White "Schoorl, Rob"]
[Black "Shubhi, Gupta"]
[Result "1-0"]
[WhiteElo "2273"]
[BlackElo "2067"]
[PlyCount "39"]
[EventDate "2025.02.25"]
[EventType "swiss (blitz)"]
[EventRounds "11"]
[EventCountry "USA"]
[SourceTitle "CB10_2025"]
[SourceDate "2025.03.05"]
[SourceVersion "1"]
[SourceVersionDate "2025.03.05"]
[SourceQuality "1"]

1. Nf3 d5 2. c4 d4 3. b4 f6 4. e3 e5 5. c5 Bg4 6. Bc4 Nh6 7. h3 Bh5 8. Qb3 Bf7 9. Bb2 dxe3 10. fxe3 e4 11. Nd4 a5 12. a3 axb4 13. axb4 Rxa1 14. Bxa1 Be7 15. Bxf7+ Nxf7 16. Ne6 Qd7 17. Nxg7+ Kd8 18. Qxf7 f5 19. 0-0 Kc8 20. Nxf5 1-0

[Event "Titled Tuesday intern op 25th Feb Early"]
[Site "Chess.com INT"]
[Date "2025.02.25"]
[Round "2"]
[White "Shubhi, Gupta"]
[Black "Naroditsky, Daniel"]
[Result "0-1"]
[WhiteElo "2067"]
[BlackElo "2619"]
[PlyCount "42"]
[EventDate "2025.02.25"]
[EventType "swiss (blitz)"]
[EventRounds "11"]
[EventCountry "USA"]
[SourceTitle "CB10_2025"]
[SourceDate "2025.03.05"]
[SourceVersion "1"]
[SourceVersionDate "2025.03.05"]
[SourceQuality "1"]

1. d4 Nf6 2. c4 g6 3. g3 Bg7 4. Bg2 0-0 5. Nc3 d6 6. Bf3 Nc6 7. e3 e5 8. Nge2 Bh3 9. d5 e4 10. Nxe4 Ne5 11. Nd4 Nxf3+ 12. Qxf3 Nxe4 13. Qxe4 Re8 14. Qd3 Qf6 15. Ne2 Qf3 16. Rg1 Bf5 17. Qb3 Bg4 18. Qd3 Re4 19. Bd2 Rae8 20. Bc3 Rxe3 21. fxe3 Rxe3 0-1

[Event "Titled Tuesday intern op 07th Jan Early"]
[Site "Chess.com INT"]
[Date "2025.01.07"]
[Round "2"]
[White "Shubhi, Gupta"]
[Black "Badacsonyi, Stanley Ethan Artie"]
[Result "0-1"]
[WhiteElo "2049"]
[BlackElo "2289"]
[PlyCount "110"]
[EventDate "2025.01.07"]
[EventType "swiss (blitz)"]
[EventRounds "11"]
[EventCountry "USA"]
[SourceTitle "CB03_2025"]
[SourceDate "2025.01.15"]
[SourceVersion "1"]
[SourceVersionDate "2025.01.15"]
[SourceQuality "1"]

1. d4 Nf6 2. c4 g6 3. Nf3 Bg7 4. Nc3 d6 5. g3 0-0 6. Bg2 c5 7. d5 e6 8. 0-0 exd5 9. cxd5 Re8 10. Re1 Bf5 11. Nd2 g5 12. e4 Bg6 13. Nc4 a6 14. Bxg5 b5 15. e5 bxc4 16. exf6 Rxe1+ 17. Qxe1 Bf8 18. Be4 Nd7 19. Bxg6 hxg6 20. Ne4 Ne5 21. Qc3 Qd7 22. Nxc5 Qf5 23. Bf4 Re8 24. Nxa6 Qxf6 25. Nb4 g5 26. Be3 Bg7 27. Qc2 Ng4 28. Rf1 Qxb2 29. Qxb2 Bxb2 30. Bxg5 c3 31. Bc1 Ne5 32. a4 Rb8 33. Na2 Nd3 34. Be3 Ra8 35. Nc1 Nxc1 36. Bxc1 Rxa4 37. Be3 c2 38. Bc1 Bc3 39. Kg2 Rc4 40. Be3 f5 41. Rc1 Bb2 42. Re1 c1Q 43. Bxc1 Bxc1 44. Re8+ Kf7 45. Re6 Ba3 46. Rh6 Bc5 47. Rh7+ Kg6 48. Re7 Rc2 49. h4 Rxf2+ 50. Kh3 Rd2 51. Re6+ Kf7 52. h5 Rxd5 53. Rg6 f4 54. Kg4 fxg3 55. Rh6 g2 0-1